[Event "HUN-chT2 Erkel 1415"]
[Site "Hungary"]
[Date "2015.03.01"]
[Round "7.8"]
[White "Barta, Zoltan"]
[Black "Lengyel, Laszlo"]
[Result "1/2-1/2"]
[WhiteElo "1911"]
[BlackElo "2036"]
[PlyCount "124"]
[EventDate "2014.09.28"]
[EventType "team-tourn"]
[EventRounds "9"]
[EventCountry "HUN"]
[SourceTitle "EXT 2016"]
[Source "ChessBase"]
[SourceDate "2015.10.08"]
[SourceVersion "1"]
[SourceVersionDate "2015.10.08"]
[SourceQuality "1"]
[WhiteTeam "Andornaktalya"]
[BlackTeam "Paszto"]
[WhiteTeamCountry "HUN"]
[BlackTeamCountry "HUN"]

1. d4 e6 2. Nf3 Nf6 3. c4 c5 4. e3 Be7 5. Bd3 d5 6. Nc3 Nc6 7. cxd5 Nxd5 8. Nxd5 Qxd5 9. dxc5 Bxc5 10. 0-0 a6 11. a3 Ne5 12. Nxe5 Qxe5 13. Qc2 Bd7 14. Bd2 Rc8 15. Bc3 Qh5 16. Be4 Bc6 17. Bxc6+ Rxc6 18. Qe4 0-0 19. Rad1 Bxa3 20. Qd4 e5 21. Qxe5 Qxe5 22. Bxe5 Bb4 23. Rd7 b6 24. Rfd1 h6 25. g3 Rfc8 26. Rd8+ Rxd8 27. Rxd8+ Kh7 28. Kg2 Kg6 29. Kf3 Be7 30. Rd2 Rc5 31. Bc3 Rb5 32. Ke4 a5 33. Rd7 Bf8 34. h3 Rb3 35. Kd3 a4 36. Kc2 Rb5 37. Ra7 Rf5 38. f4 b5 39. Ra6+ f6 40. e4 Rc5 41. Kd3 Rc8 42. Rb6 Rd8+ 43. Ke2 a3 44. Rxb5 Rc8 45. Kd2 axb2 46. Bxb2 Bc5 47. Rb3 Bf2 48. Rf3 Rb8 49. Rxf2 Rxb2+ 50. Ke3 Rb3+ 51. Ke2 Rxg3 52. Rf3 Rg2+ 53. Kd3 h5 54. Ke3 h4 55. Rf1 Rg3+ 56. Rf3 Rg2 57. Rf1 Rh2 58. Rf3 Kf7 59. f5 g5 60. fxg6+ Kxg6 61. Kf4 Rg2 62. Rd3 Rg5 1/2-1/2

[Event "HUN-chT2 Erkel 1011"]
[Site "Hungary"]
[Date "2011.04.17"]
[Round "9.8"]
[White "Lengyel, Laszlo"]
[Black "Bodi, Tibor"]
[Result "0-1"]
[WhiteElo "2133"]
[BlackElo "2004"]
[PlyCount "78"]
[EventDate "2010.09.12"]
[EventType "team-tourn"]
[EventRounds "11"]
[EventCountry "HUN"]
[SourceTitle "EXT 2012"]
[Source "ChessBase"]
[SourceDate "2011.11.24"]
[SourceVersion "1"]
[SourceVersionDate "2011.11.24"]
[SourceQuality "1"]
[WhiteTeam "Paszto"]
[BlackTeam "Budapest MTK"]
[WhiteTeamCountry "HUN"]
[BlackTeamCountry "HUN"]

1. c4 f5 2. Nc3 Nf6 3. Nf3 g6 4. d3 Bg7 5. e4 fxe4 6. dxe4 0-0 7. Bd3 d6 8. h3 Nc6 9. 0-0 Nh5 10. Rb1 Nf4 11. Bxf4 Rxf4 12. Nd5 Rf8 13. Be2 e6 14. Ne3 b6 15. b4 a5 16. a3 Ne5 17. Nxe5 Bxe5 18. Qb3 axb4 19. axb4 Qg5 20. Ng4 Qf4 21. Nxe5 Qxe5 22. Bf3 Bd7 23. Qe3 Bc6 24. Rfc1 Rf4 25. Re1 Raf8 26. Rbc1 Ba8 27. Qc3 Qg5 28. Kh2 e5 29. Re3 Kg7 30. Ra1 Rxe4 31. Rd3 Bc6 32. Ra7 Qf4+ 33. g3 Qf7 34. Rxd6 Ba8 35. Rd3 Re2 36. Rxa8 Rxa8 37. Bxe2 Qxf2+ 38. Kh1 Qxe2 39. Re3 Qf1+ 0-1